I modelli conciliativi delle liti tributarie

Detalles Bibliográficos
Autor principal: Parente, Salvatore Antonello
Formato: eBook
Lenguaje:italiano
Publicado: Bari : Cacucci Editore, 2011
Materias:
Acceso en línea:http://www.vlex.com/source/11215

MARC

LEADER 00000nam a22000007a 4500
005 20130430181058.0
007 cr|||| ||||
008 130430e2011 it |||||s|||| 00||0 ita d
020 |a 9788866110804 
035 |a 11215 
040 |a vLex 
090 |c 4235  |d 4235 
100 1 0 |a Parente, Salvatore Antonello 
245 1 2 |a I modelli conciliativi delle liti tributarie  |c / Salvatore Antonello Parente   |h [Recurso electrn̤ico] 
256 |a Servicio en ln̕ea 
260 |a Bari :   |b Cacucci Editore,   |c 2011 
300 |a 1 Recurso electrn̤ico 
506 |d vLex Global  |d vLex Global (Academic Edition, excluding Law Schools)  |d vLex Global (U.S. Academic Edition, Law Schools)  |d vLex Global (U.S. Academic Edition, excluding Law Schools)  |d vLex Global (Academic Edition, Law Schools) 
650 0 4 |a Procedimiento contencioso-administrativo  |z Italia 
650 0 4 |a Derecho tributario  |z Italia 
650 0 4 |a Jurisprudencia  |z Italia 
740 |a vLex Libros (Servicio en ln̕ea) 
856 |a Acceso restringido  |u http://www.vlex.com/source/11215 
942 |c BOOK 
999 0 |a Administrative courts